[Event "Portugal Open 2020"]
[Site "Lisboa POR"]
[Date "2020.02.01"]
[Round "9.57"]
[White "Dong, Rafael"]
[Black "Pipiras, Filipa"]
[Result "0-1"]
[WhiteElo "1656"]
[BlackElo "1876"]
[WhiteFideId "1958038"]
[BlackFideId "1944894"]
[WhiteCountry "POR"]
[BlackCountry "POR"]
[PlyCount "84"]
[EventDate "2020.01.25"]

1. d4 d5 2. c4 e6 3. Nc3 Be7 4. Nf3 Nf6 5. Bf4 c6 6. e3 O-O 7. h3 Nbd7 8. cxd5
exd5 9. Bd3 b6 10. O-O Bb7 11. Ne5 c5 12. Qc2 c4 13. Bf5 g6 14. Bxd7 Nxd7 15.
Bh6 Re8 16. f4 Rc8 17. f5 Nxe5 18. dxe5 Bg5 19. fxg6 fxg6 20. Qf2 Bxh6 21. Qf7+
Kh8 22. Qxb7 Re7 23. Qxd5 Qxd5 24. Nxd5 Rxe5 25. Rad1 Rd8 26. Nf6 Bxe3+ 27. Kh1
Rxd1 28. Rxd1 Bf4 29. Kg1 Bg3 30. Ng4 Re7 31. Kf1 h5 32. Nf2 Rf7 33. Rd2 Kg7 34.
Kg1 Bxf2+ 35. Rxf2 Rxf2 36. Kxf2 Kf6 37. Ke2 Ke5 38. Ke3 g5 39. g3 b5 40. b3
cxb3 41. axb3 a5 42. Kd3 h4 0-1

[Event "Portugal Open 2020"]
[Site "Lisboa POR"]
[Date "2020.02.01"]
[Round "9.58"]
[White "Rafael, Manuel"]
[Black "Hendrix, Joachim"]
[Result "0-1"]
[WhiteElo "1727"]
[BlackElo "1868"]
[WhiteFideId "1921533"]
[BlackFideId "12958557"]
[WhiteCountry "POR"]
[BlackCountry "GER"]
[PlyCount "62"]
[EventDate "2020.01.25"]

1. d4 g6 2. c4 Bg7 3. Nc3 d6 4. e4 e5 5. d5 a5 6. Be3 f5 7. f3 Bh6 8. Qd2 Na6 9.
Bxh6 Qh4+ 10. g3 Qxh6 11. Nb5 Qxd2+ 12. Kxd2 fxe4 13. fxe4 Nf6 14. Bg2 Ke7 15.
Ne2 c6 16. Nbc3 Nc5 17. Raf1 a4 18. h3 h5 19. Rb1 cxd5 20. cxd5 b5 21. a3 Rb8
22. Ke3 b4 23. Na2 bxa3 24. bxa3 Rb3+ 25. Rxb3 axb3 26. Nb4 Bd7 27. Nc3 Ra8 28.
Ra1 b2 29. Ra2 Na4 30. Nb1 Rc8 31. Bf1 Nc3 0-1

[Event "Portugal Open 2020"]
[Site "Lisboa POR"]
[Date "2020.02.01"]
[Round "9.59"]
[White "Abdurramane, Dánial"]
[Black "Marcos Herrero, Francisco"]
[Result "0-1"]
[WhiteElo "1499"]
[BlackElo "1861"]
[WhiteFideId "1962523"]
[BlackFideId "2279045"]
[WhiteCountry "POR"]
[BlackCountry "ESP"]
[PlyCount "120"]
[EventDate "2020.01.25"]

1. d4 Nf6 2. Nf3 c5 3. d5 g6 4. c4 b5 5. cxb5 a6 6. bxa6 Bxa6 7. Nc3 Bg7 8. g3
O-O 9. Bg2 d6 10. O-O Nbd7 11. Re1 Nb6 12. Nd2 Ng4 13. e4 Ne5 14. Bf1 Nd3 15.
Re3 Nxc1 16. Qxc1 Qd7 17. Bxa6 Rxa6 18. Qf1 Rfa8 19. Nc4 Qa7 20. a3 Qd7 21. e5
Nxc4 22. Qxc4 Bxe5 23. Rxe5 dxe5 24. Qxc5 f5 25. Re1 Qd6 26. Qc4 Kg7 27. Nb5 Qd7
28. Rxe5 Ra4 29. Qc6 Rd8 30. Na7 Qxc6 31. dxc6 Rd1+ 32. Kg2 Rc4 33. Rxe7+ Kg8
34. Rd7 Rxd7 35. cxd7 Rd4 36. b4 Rxd7 37. Nb5 Kf7 38. a4 Ke6 39. a5 Kd5 40. a6
Kc6 41. a7 Rd8 42. Nd4+ Kb6 43. Ne6 Ra8 44. h3 Rxa7 45. Kf3 Kb5 46. Nd4+ Kc4 47.
Ne6 Re7 48. Ng5 Kxb4 49. h4 h6 50. Nh3 g5 51. Ng1 Kc4 52. g4 f4 53. Ne2 Kd3 54.
Nc1+ Kd2 55. Nb3+ Kc3 56. Nc5 Kd2 57. Nb3+ Ke1 58. Nc5 Ra7 59. Nd3+ Kf1 60. Ke4
Ke2 0-1

[Event "Portugal Open 2020"]
[Site "Lisboa POR"]
[Date "2020.02.01"]
[Round "9.60"]
[White "Reis, Luis"]
[Black "Maissa, Susana"]
[Result "1-0"]
[WhiteElo "1855"]
[BlackElo "1361"]
[WhiteFideId "1901940"]
[BlackFideId "1954202"]
[WhiteCountry "POR"]
[BlackCountry "POR"]
[PlyCount "75"]
[EventDate "2020.01.25"]

1. e4 d5 2. e5 Bf5 3. d4 e6 4. h4 Bb4+ 5. Nd2 h6 6. c3 Ba5 7. Nb3 Bb6 8. Bd3 Ne7
9. g4 Bxd3 10. Qxd3 g6 11. Ne2 a5 12. a4 Nbc6 13. Ng3 Kd7 14. Be3 Kc8 15. Qd2
Qf8 16. Nc1 f5 17. exf6 Qxf6 18. Bxh6 Qf3 19. Qf4 Qxf4 20. Bxf4 Kd7 21. Nd3 Raf8
22. Kd2 Rh7 23. Rae1 Nd8 24. Re2 c6 25. Ne5+ Kc8 26. Bg5 Rg8 27. Nd3 Re8 28. Nf4
Kd7 29. Bxe7 Rexe7 30. Nxg6 Re8 31. Nh5 Rxh5 32. gxh5 Nf7 33. Rg1 Bc7 34. Ne5+
Nxe5 35. dxe5 Bd8 36. Rg7+ Kc8 37. h6 Bxh4 38. h7 1-0

[Event "Portugal Open 2020"]
[Site "Lisboa POR"]
[Date "2020.02.01"]
[Round "9.61"]
[White "Gomes, José Luis"]
[Black "Pires, Emanuel"]
[Result "0-1"]
[WhiteElo "1819"]
[BlackElo "2112"]
[WhiteFideId "1901710"]
[BlackFideId "1914715"]
[WhiteCountry "POR"]
[BlackCountry "POR"]
[PlyCount "94"]
[EventDate "2020.01.25"]

1. c4 e6 2. Nc3 Nf6 3. g3 d5 4. d4 Be7 5. Bg2 O-O 6. Nf3 b6 7. O-O Nbd7 8. cxd5
exd5 9. Bg5 Bb7 10. Rc1 c6 11. Re1 Re8 12. a3 h6 13. Bf4 Bf8 14. h4 Rc8 15. Qa4
a6 16. Bh3 c5 17. dxc5 Nxc5 18. Qd1 Ra8 19. b4 Nce4 20. Qb3 Bd6 21. Bxd6 Qxd6
22. Nxe4 Nxe4 23. Nd4 Qf6 24. Nf3 Re7 25. Qd3 Rae8 26. Rc2 d4 27. Rec1 Nxf2 28.
Kxf2 Re3 29. Qf5 d3 30. Qxf6 gxf6 31. exd3 Rxf3+ 32. Kg1 Rxg3+ 33. Bg2 Rd8 34.
Kh2 Rxg2+ 35. Rxg2+ Bxg2 36. Kxg2 Rxd3 37. Rc6 Rxa3 38. Rxf6 b5 39. Rxh6 Kg7 40.
Rd6 Ra4 41. Kg3 Rxb4 42. Rxa6 Rb1 43. Kg4 b4 44. Rb6 b3 45. Kf3 b2 46. Kg2 f5
47. h5 f4 0-1

[Event "Portugal Open 2020"]
[Site "Lisboa POR"]
[Date "2020.02.01"]
[Round "9.62"]
[White "Ferreira, Hugo"]
[Black "Curado, Manuel"]
[Result "1-0"]
[WhiteElo "2109"]
[BlackElo "1797"]
[WhiteFideId "1915940"]
[BlackFideId "1905112"]
[WhiteCountry "POR"]
[BlackCountry "POR"]
[PlyCount "89"]
[EventDate "2020.01.25"]

1. d4 c5 2. d5 d6 3. e4 Nf6 4. Nc3 g6 5. Nf3 Nbd7 6. a4 Bg7 7. Nd2 O-O 8. Nc4 b6
9. f4 Ba6 10. Be3 Re8 11. Bd3 Bxc4 12. Bxc4 a6 13. Qe2 Qc8 14. O-O Nf8 15. e5
Ng4 16. h3 Nxe3 17. Qxe3 f5 18. Rae1 Kh8 19. Qg3 e6 20. exd6 Qd7 21. Qd3 Qxd6
22. Bxa6 e5 23. fxe5 Bxe5 24. Bb7 Rad8 25. Bc6 Re7 26. Kh1 Qf6 27. Qf3 h6 28.
Ne4 Qh4 29. Nf2 Nh7 30. Nd3 Bd6 31. Rxe7 Bxe7 32. Nf4 Rg8 33. Qc3+ Bf6 34. Qe1
Qxe1 35. Rxe1 g5 36. Ne6 g4 37. d6 gxh3 38. gxh3 Ng5 39. Nf4 Nf7 40. d7 Ne5 41.
Bd5 Rd8 42. Bc6 Nxc6 43. Re8+ Kh7 44. Ne6 Ne5 45. Nxd8 1-0

[Event "Portugal Open 2020"]
[Site "Lisboa POR"]
[Date "2020.02.01"]
[Round "9.63"]
[White "Babo, Miguel"]
[Black "Moretti, Filippo"]
[Result "0-1"]
[WhiteElo "1796"]
[BlackElo "1969"]
[WhiteFideId "1901567"]
[BlackFideId "2805001"]
[WhiteCountry "POR"]
[BlackCountry "ITA"]
[PlyCount "80"]
[EventDate "2020.01.25"]

1. d4 f5 2. Nf3 g6 3. b3 Bg7 4. Bb2 Nf6 5. Nbd2 d6 6. e3 O-O 7. Be2 Qe8 8. O-O
Nc6 9. c4 e5 10. dxe5 Nxe5 11. Qc2 b6 12. Rac1 Bb7 13. Bxe5 dxe5 14. c5 c6 15.
Rfd1 e4 16. Nd4 b5 17. Nb1 Nd5 18. g3 a6 19. a3 Rd8 20. b4 f4 21. gxf4 Nxf4 22.
Bf1 Bxd4 23. exd4 e3 24. Qb3+ Nd5 25. fxe3 Rf3 26. Re1 Rxe3 27. Rxe3 Qxe3+ 28.
Qxe3 Nxe3 29. Re1 Nf5 30. Bh3 Bc8 31. Bxf5 Bxf5 32. Rd1 Bxb1 33. Rxb1 Rxd4 34.
Rb3 Kf7 35. Kf2 Kf6 36. h3 Ke5 37. Ke2 a5 38. Rf3 axb4 39. axb4 Rxb4 40. Rf7 Rh4
0-1

[Event "Portugal Open 2020"]
[Site "Lisboa POR"]
[Date "2020.02.01"]
[Round "9.64"]
[White "Figueiredo, Mário"]
[Black "García Ortega, Manuel"]
[Result "1/2-1/2"]
[WhiteElo "1939"]
[BlackElo "1705"]
[WhiteFideId "1902601"]
[BlackFideId "2227533"]
[WhiteCountry "POR"]
[BlackCountry "ESP"]
[PlyCount "74"]
[EventDate "2020.01.25"]

1. d4 Nf6 2. c4 c6 3. Nc3 g6 4. e4 d6 5. f3 Bg7 6. Be3 Nbd7 7. Bd3 O-O 8. Qd2 e5
9. d5 cxd5 10. cxd5 a6 11. Nge2 Nc5 12. Bc2 h6 13. Bxh6 Nfxe4 14. Bxe4 Qh4+ 15.
g3 Qxh6 16. Qxh6 Bxh6 17. b4 Nxe4 18. Nxe4 Bh3 19. Kf2 Rfd8 20. g4 f5 21. gxf5
Bxf5 22. N2g3 Rac8 23. Rae1 Kf7 24. Re2 Rc4 25. h4 Rxb4 26. Rc2 Rd7 27. h5 Bf4
28. h6 Bxg3+ 29. Kxg3 Bxe4 30. h7 Rd8 31. Rc7+ Kf6 32. h8=Q+ Rxh8 33. Rxh8 Bxd5
34. Rh2 Ra4 35. Rd2 Ke6 36. Rg7 Kf6 37. Rd7 Ke6 1/2-1/2

[Event "Portugal Open 2020"]
[Site "Lisboa POR"]
[Date "2020.02.01"]
[Round "9.65"]
[White "Candeias, Humberto"]
[Black "Dias, José"]
[Result "0-1"]
[WhiteElo "1921"]
[BlackElo "1593"]
[WhiteFideId "1903454"]
[BlackFideId "1923943"]
[WhiteCountry "POR"]
[BlackCountry "POR"]
[PlyCount "82"]
[EventDate "2020.01.25"]

1. e4 d5 2. Nc3 dxe4 3. Nxe4 Bf5 4. Ng3 Bg6 5. Nf3 e6 6. d4 h6 7. Ne5 Bh7 8. Qf3
Qe7 9. Qxb7 Qb4+ 10. Qxb4 Bxb4+ 11. c3 Bd6 12. Bb5+ Ke7 13. f4 Nf6 14. O-O a6
15. Be2 c5 16. Bf3 Ra7 17. dxc5 Bxc5+ 18. Kh1 Rc7 19. Nh5 Nxh5 20. Bxh5 g6 21.
Be2 a5 22. Bd2 Rd8 23. Rad1 f6 24. Nc4 Rcd7 25. Be3 Bxe3 26. Nxe3 Rd2 27. Bb5 g5
28. f5 Rxd1 29. Rxd1 Rxd1+ 30. Nxd1 Bxf5 31. Ne3 Be4 32. Kg1 f5 33. b3 f4 34.
Nc4 Bd3 35. a4 Bxc4 36. Bxc4 Kd6 37. Kf2 Nc6 38. Bb5 Na7 39. Be8 Kc5 40. Kf3 Kd5
41. Bg6 Ke5 0-1

[Event "Portugal Open 2020"]
[Site "Lisboa POR"]
[Date "2020.02.01"]
[Round "9.66"]
[White "Azinheira, André"]
[Black "Van Ginkel, Henk"]
[Result "1/2-1/2"]
[WhiteElo "1634"]
[BlackElo "1855"]
[WhiteFideId "1931920"]
[BlackFideId "1036394"]
[WhiteCountry "POR"]
[BlackCountry "NED"]
[PlyCount "92"]
[EventDate "2020.01.25"]

1. e4 d6 2. d4 Nf6 3. Nc3 g6 4. f4 Bg7 5. Nf3 c5 6. dxc5 Qa5 7. Qd4 Nc6 8. Bb5
dxc5 9. Bxc6+ bxc6 10. Qe3 Ng4 11. Qd2 Ba6 12. Ne2 Qb6 13. e5 Rd8 14. Qc3 Bxe2
15. Kxe2 O-O 16. Be3 Qb5+ 17. Ke1 Nxe3 18. Qxe3 Qxb2 19. Rc1 Qb4+ 20. Kf2 Qc4
21. g3 Rd5 22. Qb3 Qa6 23. c4 Rd7 24. Rhd1 Rb7 25. Qc2 Rfb8 26. Qe2 Rb2 27. Rc2
Qxa2 28. Rdd2 Rxc2 29. Rxc2 Qb3 30. Ra2 Rb7 31. Ng5 h6 32. Ne4 Qb4 33. Kg2 a5
34. Qc2 Qb6 35. Qf2 Ra7 36. Qxc5 Qxc5 37. Nxc5 f6 38. exf6 Bxf6 39. Kf3 Bc3 40.
h3 Kf7 41. Ke4 Ra8 42. Nd3 a4 43. Ra3 Bd2 44. Ne5+ Ke6 45. Nxc6 Kd6 46. Ne5 Bc1
1/2-1/2

[Event "Portugal Open 2020"]
[Site "Lisboa POR"]
[Date "2020.02.01"]
[Round "9.67"]
[White "Miranda, Raúl"]
[Black "Marques, Pedro Godinho"]
[Result "0-1"]
[WhiteElo "1662"]
[BlackElo "1854"]
[WhiteFideId "1960660"]
[BlackFideId "1928414"]
[WhiteCountry "POR"]
[BlackCountry "POR"]
[PlyCount "188"]
[EventDate "2020.01.25"]

1. e4 c5 2. Nc3 Nc6 3. g3 g6 4. Bg2 Bg7 5. d3 e6 6. f4 d6 7. Nf3 Nge7 8. Be3 Nd4
9. O-O O-O 10. Bf2 Nec6 11. e5 Nxf3+ 12. Qxf3 Nd4 13. Qd1 dxe5 14. fxe5 Bxe5 15.
Ne4 Nf5 16. Nxc5 Bd4 17. Ne4 Bxb2 18. g4 Nd6 19. Rb1 Nxe4 20. Bxe4 Bd4 21. Qf3
Rb8 22. Qg3 e5 23. h4 b6 24. h5 Bb7 25. Rbe1 Kh8 26. Bxb7 Rxb7 27. Bxd4 Qxd4+
28. Kh2 gxh5 29. gxh5 f6 30. Re4 Qc5 31. h6 Rg8 32. Qf3 Rg6 33. Rh4 Qxc2+ 34.
Rf2 Qc1 35. Rf1 Qg5 36. Qh3 Rc7 37. Rh5 Rc2+ 38. Kh1 Qd2 39. Qf3 Qg2+ 40. Qxg2
Rcxg2 41. Rc1 R2g3 42. Rf1 Rxd3 43. Rc1 Rd7 44. Rc8+ Rg8 45. Rc6 Rf8 46. Rf5 Kg8
47. Rf2 f5 48. Rg2+ Kh8 49. Rgc2 Rfd8 50. Rc8 Kg8 51. Rg2+ Kf8 52. Rxd8+ Rxd8
53. Rg7 Rd6 54. Rxh7 Kg8 55. Rg7+ Kh8 56. Rxa7 Rxh6+ 57. Kg2 Rg6+ 58. Kf3 Rg7
59. Ra8+ Kh7 60. Re8 Ra7 61. Rxe5 Kg6 62. Re6+ Kg5 63. Rxb6 Ra3+ 64. Rb3 Rxa2
65. Rc3 Ra4 66. Rd3 Rh4 67. Kg2 Rg4+ 68. Kf2 Rc4 69. Rb3 Rc2+ 70. Kf3 Ra2 71.
Rc3 Ra1 72. Kg2 Kg4 73. Rg3+ Kf4 74. Rf3+ Ke4 75. Rf2 Ra3 76. Rb2 f4 77. Kf2
Rf3+ 78. Ke2 Rh3 79. Rb4+ Kf5 80. Kf2 Kg4 81. Ra4 Rh2+ 82. Kg1 Rd2 83. Ra8 Kg3
84. Rg8+ Kf3 85. Kh1 Kf2 86. Rf8 f3 87. Re8 Kf1 88. Rf8 f2 89. Re8 Rd4 90. Kh2
Rh4+ 91. Kg3 Rh7 92. Kf3 Rf7+ 93. Ke3 Ke1 94. Kd3+ Kd1 0-1

[Event "Portugal Open 2020"]
[Site "Lisboa POR"]
[Date "2020.02.01"]
[Round "9.68"]
[White "Porteman, Eric"]
[Black "Clemente, António J"]
[Result "1-0"]
[WhiteElo "1847"]
[BlackElo "1163"]
[WhiteFideId "204099"]
[BlackFideId "1961799"]
[WhiteCountry "BEL"]
[BlackCountry "POR"]
[PlyCount "63"]
[EventDate "2020.01.25"]

1. c4 c6 2. Nc3 Nf6 3. Nf3 e6 4. e4 d6 5. d4 Be7 6. Bd3 Qc7 7. O-O Nbd7 8. Bg5
Nb6 9. Rc1 e5 10. h3 h6 11. Bh4 Nh5 12. Nxe5 dxe5 13. Qxh5 exd4 14. Ne2 g6 15.
Qa5 Bxh4 16. c5 Qb8 17. cxb6 axb6 18. Qxb6 Bf6 19. g4 Rxa2 20. Rxc6 Ra6 21. Bxa6
Bd8 22. Rxc8 Qxc8 23. Qxb7 Qxb7 24. Bxb7 Bb6 25. Kh1 Ke7 26. Rd1 Rd8 27. Bd5 f5
28. Nxd4 fxe4 29. Nc6+ Ke8 30. Nxd8 Bxd8 31. Bxe4 Bc7 32. Bxg6+ 1-0

[Event "Portugal Open 2020"]
[Site "Lisboa POR"]
[Date "2020.02.01"]
[Round "9.70"]
[White "Dong, Fábio"]
[Black "Coelho, Pedro"]
[Result "1/2-1/2"]
[WhiteElo "1623"]
[BlackElo "1856"]
[WhiteFideId "1958020"]
[BlackFideId "1905694"]
[WhiteCountry "POR"]
[BlackCountry "POR"]
[PlyCount "105"]
[EventDate "2020.01.25"]

1. c4 f5 2. Nc3 Nf6 3. d4 c6 4. Nf3 e6 5. g3 Bb4 6. a3 Bxc3+ 7. bxc3 Qa5 8. Qc2
d5 9. cxd5 cxd5 10. Bg2 Bd7 11. Bd2 Nc6 12. c4 Qa6 13. cxd5 exd5 14. Bc3 Rc8 15.
Qb2 O-O 16. O-O Ne4 17. Rac1 Nd6 18. Ne5 Be6 19. Nxc6 Rxc6 20. Bb4 Nc4 21. Rxc4
Rxc4 22. Bxf8 Kxf8 23. Rb1 b6 24. e3 Qc8 25. Qb5 Rc1+ 26. Bf1 g5 27. Qb4+ Kf7
28. Rxc1 Qxc1 29. Qa4 Qc7 30. Qd1 Kf6 31. Qh5 Qg7 32. Qf3 Ke7 33. Bg2 Qf7 34.
Qe2 Kd6 35. Qb5 Kc7 36. Qa6 Kb8 37. Qb5 Kb7 38. a4 a6 39. Qb4 a5 40. Qb5 Ka7 41.
Bf1 Qb7 42. Qb3 Bd7 43. Bg2 Bc6 44. Bf1 Qd7 45. Bb5 Bxb5 46. axb5 h5 47. Qb1 h4
48. Qb3 h3 49. f4 g4 50. Kf2 Qd6 51. Ke2 Kb7 52. Qc2 Qe6 53. Qb3 1/2-1/2

[Event "Portugal Open 2020"]
[Site "Lisboa POR"]
[Date "2020.02.01"]
[Round "9.71"]
[White "Barros, Luís"]
[Black "Trinkl, Stefan"]
[Result "1/2-1/2"]
[WhiteElo "1619"]
[BlackElo "1814"]
[WhiteFideId "23600110"]
[BlackFideId "16250281"]
[WhiteCountry "CPV"]
[BlackCountry "GER"]
[PlyCount "107"]
[EventDate "2020.01.25"]

1. e4 c6 2. Nf3 d5 3. Nc3 dxe4 4. Nxe4 Nf6 5. Bd3 Nbd7 6. c3 Nxe4 7. Bxe4 Nc5 8.
Bc2 Nd3+ 9. Bxd3 Qxd3 10. Qe2 Qxe2+ 11. Kxe2 Bg4 12. d4 f6 13. Bf4 O-O-O 14. h3
Bh5 15. g4 Bf7 16. Rhc1 Re8 17. c4 e5 18. dxe5 fxe5 19. Bg3 Bc5 20. Nxe5 Bd4 21.
f4 Bxb2 22. Kd1 Be6 23. f5 Bd7 24. Nf7 Re3 25. Bf4 Rf3 26. Nd6+ Kb8 27. Rab1
Rxf4 28. Rxb2 Rd4+ 29. Rd2 Rxd2+ 30. Kxd2 c5 31. Re1 Kc7 32. Ne4 Rd8 33. Ke3 Re8
34. Kf4 Bc6 35. Re3 b6 36. Ng5 Rxe3 37. Kxe3 Kd6 38. Nxh7 Bg2 39. Ng5 Bf1 40.
Ne4+ Ke7 41. Nd2 Bg2 42. h4 a6 43. a4 Bc6 44. a5 bxa5 45. Nb3 a4 46. Nxc5 a3 47.
Kd4 Bf3 48. Nb3 Bxg4 49. Ke5 Bd1 50. Na1 Bf3 51. Kf4 Bc6 52. Kg5 Kf7 53. c5 a2
54. h5 1/2-1/2

[Event "Portugal Open 2020"]
[Site "Lisboa POR"]
[Date "2020.02.01"]
[Round "9.72"]
[White "Lages, Duarte"]
[Black "Terwagne, Bertrand"]
[Result "0-1"]
[WhiteElo "1548"]
[BlackElo "1796"]
[WhiteFideId "2161680"]
[BlackFideId "243078"]
[WhiteCountry "POR"]
[BlackCountry "BEL"]
[PlyCount "46"]
[EventDate "2020.01.25"]

1. d4 Nf6 2. c4 e6 3. Nf3 d5 4. cxd5 exd5 5. Bg5 Be7 6. Nc3 O-O 7. Qc2 c6 8. e3
h6 9. Bh4 Bg4 10. Ne5 Be6 11. Bd3 Nbd7 12. Nxd7 Qxd7 13. O-O Ng4 14. Bxe7 Qc7
15. g3 Qxe7 16. Bh7+ Kh8 17. h3 g6 18. Bxg6 fxg6 19. hxg4 Qg5 20. Ne2 Bxg4 21.
Nf4 Bf5 22. Qc5 Be4 23. Kh2 Rxf4 0-1

[Event "Portugal Open 2020"]
[Site "Lisboa POR"]
[Date "2020.02.01"]
[Round "9.73"]
[White "Chávez Dulce, Angie"]
[Black "Oliveira, Fernando Alves"]
[Result "1-0"]
[WhiteElo "1771"]
[BlackElo "1574"]
[WhiteFideId "4407059"]
[BlackFideId "1947869"]
[WhiteCountry "COL"]
[BlackCountry "POR"]
[PlyCount "77"]
[EventDate "2020.01.25"]

1. e4 Nc6 2. d4 d5 3. exd5 Qxd5 4. c3 e5 5. Be3 exd4 6. Bxd4 Nxd4 7. Qxd4 Qxd4
8. cxd4 Bb4+ 9. Nc3 Nf6 10. a3 Bxc3+ 11. bxc3 O-O 12. Bc4 Re8+ 13. Ne2 Bg4 14.
f3 Be6 15. Bd3 Nd5 16. Kf2 Nb6 17. Rab1 Rab8 18. Rhe1 Bc4 19. Be4 g6 20. g4 c6
21. Nf4 Nd5 22. Bxd5 Rxe1 23. Bxf7+ Kxf7 24. Rxe1 a5 25. Re5 b6 26. h4 Re8 27.
Rxe8 Kxe8 28. Ke3 Kf7 29. Nd3 Bxd3 30. Kxd3 Ke6 31. Ke4 b5 32. f4 a4 33. f5+
gxf5+ 34. gxf5+ Kf6 35. Kf4 h5 36. Ke4 Kf7 37. Ke5 Ke7 38. f6+ Kf7 39. Kf5 1-0

[Event "Portugal Open 2020"]
[Site "Lisboa POR"]
[Date "2020.02.01"]
[Round "9.74"]
[White "Barreiros, Cilauro"]
[Black "Correia, Pedro Mourão"]
[Result "0-1"]
[WhiteElo "1759"]
[BlackElo "1542"]
[WhiteFideId "1907018"]
[BlackFideId "1959522"]
[WhiteCountry "POR"]
[BlackCountry "POR"]
[PlyCount "45"]
[EventDate "2020.01.25"]

1. d4 c5 2. Nf3 cxd4 3. c3 dxc3 4. Nxc3 Nc6 5. Bf4 d6 6. e3 Bg4 7. h3 Bxf3 8.
Qxf3 Nf6 9. Bc4 g6 10. g4 Bg7 11. h4 e6 12. Rd1 e5 13. Bg3 Qe7 14. Nb5 d5 15.
Bxd5 Qb4+ 16. Nc3 e4 17. Bxe4 O-O 18. O-O Nxe4 19. Nxe4 Be5 20. Bxe5 Nxe5 21.
Qf4 Qe7 22. h5 f5 23. Qg5 0-1

[Event "Portugal Open 2020"]
[Site "Lisboa POR"]
[Date "2020.02.01"]
[Round "9.75"]
[White "Ferreira, Miguel Limão"]
[Black "Gonçalves, Samuel"]
[Result "0-1"]
[WhiteElo "1530"]
[BlackElo "1758"]
[WhiteFideId "1952137"]
[BlackFideId "1945130"]
[WhiteCountry "POR"]
[BlackCountry "POR"]
[PlyCount "118"]
[EventDate "2020.01.25"]

1. e4 c6 2. d4 d5 3. Nc3 dxe4 4. Nxe4 Nf6 5. Ng3 h5 6. Nf3 Bg4 7. Be2 h4 8. Nf1
h3 9. g3 e6 10. Be3 Nbd7 11. Ne5 Qa5+ 12. Bd2 Qd5 13. Rg1 Nxe5 14. dxe5 Qxe5 15.
Bc3 Qxe2+ 16. Qxe2 Bxe2 17. Kxe2 Ne4 18. Bd4 c5 19. Be3 O-O-O 20. f3 Nf6 21. Bg5
Be7 22. Bxf6 Bxf6 23. c3 Rd6 24. Ne3 g5 25. Rad1 Rhd8 26. Rxd6 Rxd6 27. Rd1 Rb6
28. Rd2 Kc7 29. Ng4 Bg7 30. Nf2 f5 31. Nxh3 Bf6 32. Nf2 Rd6 33. Nd3 b6 34. Nf2
b5 35. Rxd6 Kxd6 36. h3 a5 37. Kd3 c4+ 38. Kc2 Be5 39. g4 Bg3 40. Nd1 Ke5 41.
Kd2 Bf4+ 42. Ke2 Bc1 43. Kf2 Kf4 44. b3 cxb3 45. axb3 a4 46. bxa4 bxa4 47. c4
Ke5 48. gxf5 exf5 49. c5 a3 50. Nc3 Bb2 51. c6 Kd6 52. Nb5+ Kxc6 53. Nxa3 Bxa3
54. f4 gxf4 55. Kf3 Bc1 56. h4 Kd6 57. h5 Ke6 58. Kg2 Kf6 59. Kh3 Kg5 0-1

[Event "Portugal Open 2020"]
[Site "Lisboa POR"]
[Date "2020.02.01"]
[Round "9.77"]
[White "Montero Montero, Juan José"]
[Black "Almeida, José António"]
[Result "1-0"]
[WhiteElo "1744"]
[BlackElo "1538"]
[WhiteFideId "22202080"]
[BlackFideId "1958143"]
[WhiteTitle " "]
[WhiteCountry "ESP"]
[BlackCountry "POR"]
[PlyCount "81"]
[EventDate "2020.01.25"]

1. b3 e6 2. Bb2 Nf6 3. e3 g6 4. Nf3 Bg7 5. d3 O-O 6. Nbd2 d5 7. c4 c5 8. cxd5
exd5 9. Be2 Nc6 10. d4 Ne4 11. O-O Bg4 12. h3 Bf5 13. Rc1 Rc8 14. Ba1 b6 15.
dxc5 Bxa1 16. Rxa1 bxc5 17. Nxe4 Bxe4 18. Nd2 Bf5 19. Bg4 Qd7 20. Ne4 dxe4 21.
Qxd7 Bxd7 22. Bxd7 Rc7 23. Bxc6 Rxc6 24. Rac1 Rfc8 25. Rc4 f5 26. Rd1 Kf7 27.
Rd7+ Kf6 28. Rxa7 h5 29. Ra5 Ke6 30. h4 Kd5 31. Ra7 R8c7 32. Rxc7 Rxc7 33. Kh2
Rg7 34. Ra4 g5 35. hxg5 Rxg5 36. Ra8 c4 37. Rd8+ Kc5 38. Rc8+ Kb4 39. Rxc4+ Ka3
40. Ra4+ Kb2 41. b4 1-0

[Event "Portugal Open 2020"]
[Site "Lisboa POR"]
[Date "2020.02.01"]
[Round "9.80"]
[White "Mões Joaquim, Carlos"]
[Black "Barrento, Jorge"]
[Result "0-1"]
[WhiteElo "1396"]
[BlackElo "1715"]
[WhiteFideId "1928104"]
[BlackFideId "1906500"]
[WhiteCountry "CPV"]
[BlackCountry "POR"]
[PlyCount "42"]
[EventDate "2020.01.25"]

1. d4 Nf6 2. c4 e5 3. d5 Bb4+ 4. Bd2 Bxd2+ 5. Qxd2 d6 6. Nc3 c6 7. f3 Na6 8.
O-O-O O-O 9. dxc6 bxc6 10. Qxd6 Qb6 11. Qxe5 Be6 12. e3 Rfe8 13. Qd4 Qa5 14. Qd2
Red8 15. Qc2 Nb4 16. Rxd8+ Rxd8 17. Qb1 Qe5 18. b3 Qxe3+ 19. Kb2 Rd2+ 20. Ka3
Qxc3 21. Ne2 Nc2+ 0-1

[Event "Portugal Open 2020"]
[Site "Lisboa POR"]
[Date "2020.02.01"]
[Round "9.81"]
[White "Alves, Fernando"]
[Black "Tacuchian, Marcelo"]
[Result "1-0"]
[WhiteElo "1702"]
[BlackElo "1363"]
[WhiteFideId "1905678"]
[BlackFideId "1964208"]
[WhiteCountry "POR"]
[BlackCountry "BRA"]
[PlyCount "57"]
[EventDate "2020.01.25"]

1. e4 c6 2. h4 d5 3. e5 Bf5 4. d4 Nd7 5. Nc3 e6 6. g4 Bxc2 7. Qxc2 c5 8. Be3 a6
9. a4 Rc8 10. Nge2 Qa5 11. Ra2 Ne7 12. Nc1 Nc6 13. Nb3 Qb6 14. Qd1 Be7 15. f4 f6
16. g5 c4 17. Nc1 fxe5 18. N1e2 Nb4 19. a5 Nd3+ 20. Kd2 Qc7 21. fxe5 Bb4 22. Nc1
Nxc1 23. Qxc1 Bxa5 24. Bh3 Ke7 25. Qa1 Bb6 26. Qg1 Ba7 27. Qg4 Qb6 28. Nxd5+
exd5 29. Qxd7+ 1-0

[Event "Portugal Open 2020"]
[Site "Lisboa POR"]
[Date "2020.02.01"]
[Round "9.82"]
[White "Counhago, Edgar"]
[Black "Artozqui Irurzun, Ernesto"]
[Result "1-0"]
[WhiteElo "1682"]
[BlackElo "1241"]
[WhiteFideId "1964275"]
[BlackFideId "54581826"]
[WhiteCountry "POR"]
[BlackCountry "ESP"]
[PlyCount "77"]
[EventDate "2020.01.25"]

1. g3 e6 2. Bg2 d5 3. c4 Nf6 4. d4 c5 5. cxd5 Nxd5 6. Nf3 Nc6 7. O-O Qb6 8. dxc5
Bxc5 9. e4 Nf6 10. Nc3 O-O 11. Na4 Qb5 12. Nxc5 Qxc5 13. Qe2 Nd4 14. Nxd4 Qxd4
15. Be3 Qe5 16. f4 Qa5 17. Rfb1 Bd7 18. a3 Bc6 19. b4 Qa4 20. Bc5 Rfe8 21. b5
Bxe4 22. Rb4 Qc2 23. Qxc2 Bxc2 24. Bxb7 Rab8 25. Bc6 Red8 26. Bxa7 Rbc8 27. Rd4
Rxd4 28. Bxd4 Be4 29. Bxe4 Nxe4 30. b6 Rb8 31. a4 Nd6 32. a5 Nc4 33. a6 Nxb6 34.
Bxb6 Ra8 35. a7 Kf8 36. Bc5+ Ke8 37. Rb1 Kd7 38. Rb8 Rxa7 39. Bxa7 1-0

[Event "Portugal Open 2020"]
[Site "Lisboa POR"]
[Date "2020.02.01"]
[Round "9.83"]
[White "Gama, João Tiago"]
[Black "Barros, Arlindo"]
[Result "1/2-1/2"]
[WhiteElo "1214"]
[BlackElo "1671"]
[WhiteFideId "1961160"]
[BlackFideId "23600640"]
[WhiteCountry "POR"]
[BlackCountry "CPV"]
[PlyCount "49"]
[EventDate "2020.01.25"]

1. e4 c5 2. Nf3 d6 3. d4 cxd4 4. Nxd4 Nf6 5. Nc3 a6 6. Bc4 e6 7. Bb3 Nc6 8. O-O
Be7 9. f4 O-O 10. f5 Nxd4 11. Qxd4 b5 12. Bg5 e5 13. Qd3 Bb7 14. Bxf6 Bxf6 15.
Bd5 Qb6+ 16. Kh1 Bxd5 17. Nxd5 Qd8 18. Rad1 Rc8 19. c3 Rc6 20. Nb4 Rb6 21. Nd5
Rc6 22. Rf3 h6 23. Nb4 Rb6 24. Nd5 Rc6 25. Nb4 1/2-1/2